<?xml version="1.0" encoding="UTF-8"?>
<record
    xmlns:xsi="http://www.w3.org/2001/XMLSchema-instance"
    xsi:schemaLocation="http://www.loc.gov/MARC21/slim http://www.loc.gov/standards/marcxml/schema/MARC21slim.xsd"
    xmlns="http://www.loc.gov/MARC21/slim">

  <leader>01913    a2200265   4500</leader>
  <controlfield tag="003">NALT</controlfield>
  <controlfield tag="005">20250618140912.0</controlfield>
  <controlfield tag="008">241003b        th ||||| |||| 00| 0 tha d</controlfield>
  <datafield tag="020" ind1=" " ind2=" ">
    <subfield code="a">9786169437406</subfield>
  </datafield>
  <datafield tag="040" ind1=" " ind2=" ">
    <subfield code="a">NALT</subfield>
  </datafield>
  <datafield tag="050" ind1=" " ind2=" ">
    <subfield code="a">BJ 1594.5</subfield>
    <subfield code="b">&#xE2D;148&#xE01; 2567</subfield>
  </datafield>
  <datafield tag="100" ind1=" " ind2=" ">
    <subfield code="a">&#xE2D;&#xE18;&#xE34;&#xE27;&#xE31;&#xE12;&#xE19;&#xE4C; &#xE2D;&#xE31;&#xE07;&#xE04;&#xE2A;&#xE38;&#xE42;&#xE02;</subfield>
  </datafield>
  <datafield tag="245" ind1="1" ind2="0">
    <subfield code="a">&#xE41;&#xE01;&#xE48;&#xE19;&#xE0A;&#xE35;&#xE27;&#xE34;&#xE15;&#xE43;&#xE2B;&#xE21;&#xE48; :</subfield>
    <subfield code="b">&#xE2A;&#xE21;&#xE14;&#xE38;&#xE25;&#xE04;&#xE27;&#xE32;&#xE21;&#xE2A;&#xE38;&#xE02; 100 % &#xE40;&#xE1B;&#xE47;&#xE19;&#xE1E;&#xE37;&#xE49;&#xE19;&#xE10;&#xE32;&#xE19;&#xE02;&#xE2D;&#xE07;&#xE0A;&#xE35;&#xE27;&#xE34;&#xE15; /</subfield>
    <subfield code="c">&#xE1C;&#xE39;&#xE49;&#xE40;&#xE02;&#xE35;&#xE22;&#xE19; &#xE2D;&#xE18;&#xE34;&#xE27;&#xE31;&#xE12;&#xE19;&#xE4C; &#xE2D;&#xE31;&#xE07;&#xE04;&#xE2A;&#xE38;&#xE42;&#xE02;.</subfield>
  </datafield>
  <datafield tag="246" ind1="3" ind2="1">
    <subfield code="a">New life principle.</subfield>
  </datafield>
  <datafield tag="246" ind1="1" ind2="8">
    <subfield code="a">&#xE41;&#xE01;&#xE48;&#xE19;&#xE0A;&#xE35;&#xE27;&#xE34;&#xE15;&#xE43;&#xE2B;&#xE21;&#xE48; New Life Principle &#xE2A;&#xE21;&#xE14;&#xE38;&#xE25;&#xE04;&#xE27;&#xE32;&#xE21;&#xE2A;&#xE38;&#xE02; 100 % &#xE40;&#xE1B;&#xE47;&#xE19;&#xE1E;&#xE37;&#xE49;&#xE19;&#xE10;&#xE32;&#xE19;&#xE02;&#xE2D;&#xE07;&#xE0A;&#xE35;&#xE27;&#xE34;&#xE15;.</subfield>
  </datafield>
  <datafield tag="260" ind1=" " ind2=" ">
    <subfield code="a">&#xE01;&#xE23;&#xE38;&#xE07;&#xE40;&#xE17;&#xE1E;&#xE2F; : </subfield>
    <subfield code="b">&#xE41;&#xE01;&#xE48;&#xE19;&#xE0A;&#xE35;&#xE27;&#xE34;&#xE15;&#xE43;&#xE2B;&#xE21;&#xE48;, </subfield>
    <subfield code="c">2567.</subfield>
  </datafield>
  <datafield tag="300" ind1=" " ind2=" ">
    <subfield code="a">397 &#xE2B;&#xE19;&#xE49;&#xE32; : </subfield>
    <subfield code="b">&#xE20;&#xE32;&#xE1E;&#xE1B;&#xE23;&#xE30;&#xE01;&#xE2D;&#xE1A;, &#xE41;&#xE1C;&#xE19;&#xE20;&#xE39;&#xE21;&#xE34; ;</subfield>
    <subfield code="c">21 &#xE0B;&#xE21;.</subfield>
  </datafield>
  <datafield tag="505" ind1="2" ind2=" ">
    <subfield code="a">&#xE1A;&#xE17;&#xE17;&#xE35;&#xE48; 1 &#xE2B;&#xE34;&#xE19;&#xE2B;&#xE49;&#xE32;&#xE01;&#xE49;&#xE2D;&#xE19;&#xE41;&#xE2B;&#xE48;&#xE07;&#xE0A;&#xE35;&#xE27;&#xE34;&#xE15; (Five Rocks of Life) -- &#xE1A;&#xE17;&#xE17;&#xE35;&#xE48; 2 &#xE04;&#xE27;&#xE32;&#xE21;&#xE23;&#xE39;&#xE49;&#xE04;&#xE27;&#xE32;&#xE21;&#xE40;&#xE0A;&#xE37;&#xE48;&#xE2D; -- &#xE1A;&#xE17;&#xE17;&#xE35;&#xE48; 3 &#xE40;&#xE07;&#xE34;&#xE19; -- &#xE1A;&#xE17;&#xE17;&#xE35;&#xE48; 4 &#xE40;&#xE27;&#xE25;&#xE32; -- &#xE1A;&#xE17;&#xE17;&#xE35;&#xE48; 5 &#xE2A;&#xE38;&#xE02;&#xE20;&#xE32;&#xE1E; -- &#xE1A;&#xE17;&#xE17;&#xE35;&#xE48; 6 &#xE0A;&#xE35;&#xE27;&#xE34;&#xE15;&#xE04;&#xE38;&#xE13;&#xE40;&#xE25;&#xE37;&#xE2D;&#xE01;&#xE08;&#xE32;&#xE01;&#xE1C;&#xE25;&#xE25;&#xE31;&#xE1E;&#xE18;&#xE4C;&#xE1B;&#xE25;&#xE32;&#xE22;&#xE17;&#xE32;&#xE07;&#xE40;&#xE2A;&#xE21;&#xE2D; -- &#xE1A;&#xE17;&#xE17;&#xE35;&#xE48; 7 &#xE1C;&#xE25;&#xE25;&#xE31;&#xE1E;&#xE18;&#xE4C;&#xE2A;&#xE39;&#xE07;&#xE2A;&#xE38;&#xE14;&#xE43;&#xE19;&#xE0A;&#xE35;&#xE27;&#xE34;&#xE15; -- &#xE1A;&#xE17;&#xE17;&#xE35;&#xE48; 8 &#xE41;&#xE01;&#xE48;&#xE19;&#xE0A;&#xE35;&#xE27;&#xE34;&#xE15;&#xE43;&#xE2B;&#xE21;&#xE48; (New Life Principle).</subfield>
  </datafield>
  <datafield tag="650" ind1=" " ind2="4">
    <subfield code="a">&#xE01;&#xE32;&#xE23;&#xE14;&#xE33;&#xE40;&#xE19;&#xE34;&#xE19;&#xE0A;&#xE35;&#xE27;&#xE34;&#xE15;</subfield>
    <subfield code="x">&#xE1B;&#xE23;&#xE31;&#xE0A;&#xE0D;&#xE32;</subfield>
    <subfield code="9">38899</subfield>
  </datafield>
  <datafield tag="650" ind1=" " ind2="4">
    <subfield code="a">&#xE01;&#xE32;&#xE23;&#xE40;&#xE07;&#xE34;&#xE19;</subfield>
    <subfield code="9">12028</subfield>
  </datafield>
  <datafield tag="653" ind1=" " ind2="4">
    <subfield code="a">&#xE1B;&#xE23;&#xE31;&#xE0A;&#xE0D;&#xE32;&#xE01;&#xE32;&#xE23;&#xE43;&#xE0A;&#xE49;&#xE0A;&#xE35;&#xE27;&#xE34;&#xE15;&#xE43;&#xE2B;&#xE21;&#xE48;</subfield>
  </datafield>
  <datafield tag="942" ind1=" " ind2=" ">
    <subfield code="c">GB</subfield>
    <subfield code="2">lcc</subfield>
  </datafield>
  <datafield tag="996" ind1=" " ind2=" ">
    <subfield code="a">saiphon.d</subfield>
    <subfield code="b">CATSTF	</subfield>
    <subfield code="c">2024-10-03</subfield>
  </datafield>
  <datafield tag="999" ind1=" " ind2=" ">
    <subfield code="c">105928</subfield>
    <subfield code="d">105928</subfield>
  </datafield>
  <datafield tag="998" ind1=" " ind2=" ">
    <subfield code="j">8</subfield>
    <subfield code="k"> &#xE19;&#xE32;&#xE22;&#xE1A;&#xE31;&#xE13;&#xE11;&#xE34;&#xE15;  &#xE2D;&#xE38;&#xE17;&#xE32;&#xE27;&#xE07;&#xE04;&#xE4C;</subfield>
  </datafield>
  <datafield tag="952" ind1=" " ind2=" ">
    <subfield code="0">0</subfield>
    <subfield code="1">0</subfield>
    <subfield code="2">lcc</subfield>
    <subfield code="4">0</subfield>
    <subfield code="7">0</subfield>
    <subfield code="8">CGBL</subfield>
    <subfield code="a">NALT</subfield>
    <subfield code="b">NALT</subfield>
    <subfield code="c">GEN</subfield>
    <subfield code="d">2024-09-28</subfield>
    <subfield code="e">194</subfield>
    <subfield code="l">5</subfield>
    <subfield code="m">2</subfield>
    <subfield code="o">BJ 1594.5 &#xE2D;148&#xE01; 2567</subfield>
    <subfield code="p">3961214436</subfield>
    <subfield code="r">2025-07-21 00:00:00</subfield>
    <subfield code="s">2025-06-18</subfield>
    <subfield code="w">2024-09-28</subfield>
    <subfield code="y">GB</subfield>
  </datafield>
</record>
